[Event "AUT-chT2S 9596"]
[Site "AUT"]
[Date "1996.??.??"]
[Round "?"]
[White "Loebler, Heimo"]
[Black "Januschke, Markus"]
[Result "1/2-1/2"]
[WhiteElo "2250"]
[BlackElo "2190"]

1.d4 Nf6 2.c4 g6 3.Nf3 Bg7 4.g3 O-O 5.Bg2 d6 6.Nc3 Nc6 7.O-O a6 8.Bg5 h6
9.Bxf6 Bxf6 10.e3 Rb8 11.Rc1 Bg7 12.Nd2 e5 13.d5 Ne7 14.b4 f5 15.c5 e4 16.Qb3 Kh7
17.cxd6 cxd6 18.Ne2 b5 19.f3 exf3 20.Nxf3 Qb6 21.Nfd4 Bd7 22.Qd3 Rbc8 23.Rfd1 Rxc1
24.Rxc1 Rc8 25.Rxc8 Bxc8 26.Kf2 Qc7 27.Nc6 Bb7 28.Qc2 Ng8 29.Nf4 Nf6 30.h3 Qd7
31.g4 fxg4 32.Qxg6+ Kh8 33.Qd3 Kg8 34.Kg3 Bc8 35.Qg6 Qf7 36.Qd3 gxh3 37.Bxh3 Bxh3
38.Kxh3 Nh5 39.Qe4 Nxf4+ 40.exf4 Qh5+ 41.Kg3 Bf6 42.Qe6+ Kg7 43.Qg4+ Qg6
44.Nb8 h5 45.Qxg6+ Kxg6 46.Nxa6 Bc3 47.Nc7 Bxb4 48.Nxb5 Kf5 49.Kf3 Bc5 50.Nc3 h4
51.Ne4 Ba3 52.Nc3 Bc1 53.Ne2 Bd2 54.Nd4+ Kf6 55.Kg4 h3 56.Nf3 Be3 57.a4 Bb6
58.Nh2 Ba5 59.Nf3 Bb6 60.Nh2 Ba5 61.Nf1 Be1 62.Kxh3 Kf5 63.Ne3+ Ke4 64.Ng2 Bc3
65.Kg4 Kxd5 66.Kg5 Kc5 67.f5 Kb4 68.Ne3 Kxa4 69.Nc4 Kb5 70.Nxd6+ Kc6 71.Ne4 Be5
72.Kg6 Kd5 73.Ng5 Ba1 74.Nf3 Ke4 75.Nd2+ Kd5 76.Nf1 Bd4 77.Ng3 Ba1 78.Kf7 Be5
79.Nh5 Ba1 80.Ng7 Bb2 81.Ne8 Ba1 82.Ke7  1/2-1/2

[Event "AUT-ch"]
[Site "AUT"]
[Date "1996.??.??"]
[Round "4"]
[White "Loebler, Heimo"]
[Black "Wittmann, Walter"]
[Result "1/2-1/2"]
[WhiteElo "2275"]
[BlackElo "2370"]

1.d4 Nf6 2.c4 g6 3.Nf3 Bg7 4.g3 O-O 5.Bg2 d6 6.O-O c6 7.Nc3 a6 8.h3 b5 9.c5 dxc5
10.dxc5 Nfd7 11.Bg5 Re8 12.Qd2 Qc7 13.Bh6 Bh8 14.Qe3 Nf8 15.Ng5 Ne6 16.Rad1 Qe5
17.Nge4 f5 18.Bf4 Nxf4 19.gxf4 Qe6 20.Ng5 Qxe3 21.fxe3 Ra7 22.e4 h6 23.Nf3 fxe4
24.Nd4 e5 25.fxe5 Bxe5 26.Nxe4 Rf7 27.e3 Rxf1+ 28.Rxf1 Bd7  1/2-1/2

[Event "AUT-ch"]
[Site "AUT"]
[Date "1996.??.??"]
[Round "6"]
[White "Wohlfahrt, Herbert J"]
[Black "Rogetzer, Klaus"]
[Result "0-1"]
[WhiteElo "2235"]
[BlackElo "2085"]

1.d4 Nf6 2.Nf3 g6 3.c4 Bg7 4.g3 O-O 5.Bg2 d6 6.O-O c6 7.Nc3 Bf5 8.Nh4 Bd7
9.e4 e5 10.Nf3 Bg4 11.d5 cxd5 12.cxd5 Qd7 13.Be3 Na6 14.Qd2 Rfc8 15.Rfc1 Nc5
16.Ne1 Bh3 17.f3 Nh5 18.b4 Bxg2 19.Kxg2 Na4 20.Ne2 f5 21.Nd3 fxe4 22.fxe4 Nf6
23.Nf2 Rxc1 24.Rxc1 Rc8 25.h3 a6 26.Rc2 Rc7 27.Qc1 Ne8 28.Rxc7 Qxc7 29.Kf1 Qxc1+
30.Nxc1 Nc3 31.Ke1 Nf6 32.Ne2 Ncxe4 33.Nxe4 Nxe4 34.Kd1 Bf6 35.Kc2 Bg5 36.Kd3 Bxe3
37.Kxe4 Bd2 38.b5 axb5 39.g4 Kf7 40.Kf3 Be1 41.Nc1 Ke7 42.Nd3 Bh4 43.Nb2 Kd7
44.Nd1 Be7 45.Nc3 Kc7 46.Ne4 h6 47.Ke3 Kb6 48.Kd3 Ka5 49.h4 h5 50.g5 Kb4
51.Nf6 Kc5 52.Ke4 Kc4 53.Nd7 Kc3 54.Nxe5 dxe5 55.Kxe5 b4 56.Ke6 Bc5 57.Kf6 Kb2
58.Kxg6 Kxa2 59.Kf7 b3 60.g6 Bd4 61.d6 b2 62.g7 b1=Q  0-1

[Event "AUT-ch"]
[Site "AUT"]
[Date "1996.??.??"]
[Round "8"]
[White "Loebler, Heimo"]
[Black "Nickl, Klaus"]
[Result "0-1"]
[WhiteElo "2275"]
[BlackElo "2170"]

1.d4 Nf6 2.c4 g6 3.Nf3 Bg7 4.g3 O-O 5.Bg2 d6 6.O-O Nc6 7.d5 Na5 8.Nbd2 c5
9.e4 e6 10.Rb1 exd5 11.cxd5 b6 12.Re1 Re8 13.b3 Ng4 14.h3 Ne5 15.Nxe5 Bxe5
16.Nf3 Bg7 17.Bf4 f6 18.b4 Nc4 19.bxc5 bxc5 20.Qa4 Ne5 21.Nxe5 fxe5 22.Bg5 Bd7
23.Bxd8 Bxa4 24.Bc7 Bf8 25.h4 Rac8 26.Ba5 Rb8 27.f3 Bc2 28.Rbc1 Bd3 29.Rc3 Ba6
30.Ra3 Bc8 31.Bf1 Re7 32.Bc3 Rf7 33.Kg2 h5 34.Bc4 Bh6 35.f4 exf4 36.e5 fxg3
37.e6 Rf4 38.e7 Bd7 39.Rxa7 Be8 40.Bd3 Bg7 41.Bxg7 Kxg7 42.Re6 Rg4 43.Be2 Rb2
44.a4 g5 45.Ra6 gxh4 46.Raxd6 h3+ 47.Kxh3 g2 48.Bxg4 g1=Q 49.Rg6+ Bxg6 50.Rxg6+ Kh7  0-1

[Event "Bad Woerishofen op"]
[Site "Bad Woerishofen"]
[Date "1996.??.??"]
[Round "2"]
[White "Cvitan, Ognjen"]
[Black "Santl, Anton"]
[Result "1-0"]
[WhiteElo "2540"]
[BlackElo "2220"]

1.d4 Nf6 2.Nf3 g6 3.c4 Bg7 4.g3 O-O 5.Bg2 d6 6.O-O Nc6 7.Nc3 a6 8.d5 Na5
9.Nd2 c5 10.Qc2 Rb8 11.b3 b5 12.Rb1 bxc4 13.bxc4 Rxb1 14.Ncxb1 e6 15.Bb2 exd5
16.cxd5 Re8 17.e4 Bd7 18.Na3 Qc7 19.Rb1 Rb8 20.Bc3 Rxb1+ 21.Qxb1 Ne8 22.Bxg7 Kxg7
23.Qb2+ f6 24.Bf1 Qa7 25.Kg2 Kf7 26.h4 Bc8 27.Nac4 Nxc4 28.Nxc4 Qc7 29.Be2 h5
30.Bd3 Bb7 31.Kg1 Bc8 32.Bc2 Ke7 33.Ba4 Ng7 34.Qc1 Bb7 35.Qh6 Kf7 36.Bc2 Qe7
37.e5 Bxd5 38.Bxg6+ Kg8 39.Qh7+ Kf8 40.Qh8+ Bg8 41.Bh7 Qe6 42.exd6 Qf7 43.d7 Ne6
44.Bxg8  1-0

[Event "Bad Woerishofen op"]
[Site "Bad Woerishofen"]
[Date "1996.??.??"]
[Round "4"]
[White "Cvitan, Ognjen"]
[Black "Klein, M."]
[Result "1-0"]
[WhiteElo "2540"]
[BlackElo "2275"]

1.d4 Nf6 2.Nf3 g6 3.c4 Bg7 4.g3 O-O 5.Bg2 d6 6.O-O Nc6 7.Nc3 a6 8.d5 Na5
9.Nd2 c5 10.Qc2 Rb8 11.b3 b5 12.Rb1 e5 13.e4 Nh5 14.cxb5 axb5 15.b4 cxb4
16.Rxb4 Bd7 17.Qb1 Qe8 18.Re1 Bh6 19.Bf1  1-0

[Event "AZE-ch"]
[Site "Baku"]
[Date "1996.??.??"]
[Round "?"]
[White "Maherramzade, Javad"]
[Black "Gouliev, Namig"]
[Result "1-0"]
[WhiteElo "2405"]
[BlackElo "2395"]

1.d4 Nf6 2.Nf3 g6 3.g3 Bg7 4.Bg2 O-O 5.c4 d6 6.O-O Nbd7 7.Nc3 e5 8.e4 exd4
9.Nxd4 Nc5 10.h3 Re8 11.Re1 Bd7 12.Bf4 Qc8 13.Kh2 a6 14.Rc1 Rb8 15.b4 Ne6
16.Nxe6 Bxe6 17.Nd5 Nh5 18.Bd2 c6 19.Ne3 b5 20.cxb5 axb5 21.a4 bxa4 22.Qxa4 Bd7
23.Qd1 Qa6 24.Bc3 Bxc3 25.Rxc3 Red8 26.Rd3 Qb6 27.Rxd6 Qxb4 28.Re2 Nf6 29.e5 Nd5
30.Bxd5 cxd5 31.Nxd5 Qc4 32.Rxd7 Rxd7 33.Nf6+ Kg7 34.Nxd7 Rd8 35.Rd2 Qc3
36.Rd6 Ra8 37.Qd4 Qf3 38.e6+ Kh6 39.exf7  1-0

[Event "Balatonalm di op"]
[Site "Balaton"]
[Date "1996.??.??"]
[Round "6"]
[White "Izsak, Gyula"]
[Black "Gara, Anita"]
[Result "1-0"]
[WhiteElo "2435"]
[BlackElo "2065"]

1.c4 g6 2.Nf3 Bg7 3.d4 Nf6 4.g3 O-O 5.Bg2 d6 6.Nc3 Nc6 7.O-O a6 8.b3 e5 9.dxe5 dxe5
10.Ba3 Re8 11.Qxd8 Rxd8 12.Rad1 Bf5 13.Ng5 h6 14.Nge4 Nxe4 15.Nxe4 Nd4 16.Nc3 c6
17.Bc5 Bf8 18.Bb6 Re8 19.e3 Nc2 20.Ne4 Be7 21.Rd2 Na3 22.Nd6 Bxd6 23.Rxd6 a5
24.Bc5 Nc2 25.e4 Be6 26.f4 exf4 27.gxf4 f5 28.e5 Nb4 29.Rf2 Kg7 30.Rfd2 g5
31.Kf2 Na6 32.Bb6 Re7 33.Bd8 Re8 34.fxg5 hxg5 35.Bxg5 Nc5 36.Ke3 Kf7 37.Kd4 Rg8
38.h4 Na6 39.Bf3 Rh8 40.Bf6 Rh7 41.Rg2 Re8 42.h5 Bc8 43.Bh4 Be6 44.Rg6 Nc7
45.Bd8 c5+ 46.Kc3  1-0

[Event "Balatonalm di op"]
[Site "Balaton"]
[Date "1996.??.??"]
[Round "9"]
[White "Izsak, Gyula"]
[Black "Purtov, Andrei"]
[Result "1/2-1/2"]
[WhiteElo "2435"]
[BlackElo "2400"]

1.d4 Nf6 2.c4 g6 3.Nf3 Bg7 4.g3 O-O 5.Bg2 d6 6.Nc3 Nc6 7.O-O e5 8.h3 exd4
9.Nxd4 Nxd4 10.Qxd4 Be6 11.Qh4 Nd7 12.Bg5 f6 13.Be3 c6 14.Rac1 Ne5 15.b3 Qd7
16.g4 f5 17.g5 Qe7 18.f4 Nd7 19.Qf2 a5 20.Bd4 Nc5 21.Rcd1 Rfd8 22.Qe3 Qf7
23.h4 Rd7 24.Bxg7 Kxg7 25.Qd4+ Kf8 26.e4 fxe4 27.Nxe4 Nxe4 28.Bxe4 Kg8 29.h5 Bf5
30.h6 Bxe4 31.Qxe4 Re8 32.Qd3 Rf8 33.Rd2 d5 34.Qc3 Qe6 35.cxd5 cxd5 36.Qd4 Re8
37.Rdf2 Qf5 38.Qc5 d4 39.Qxf5 gxf5 40.Rd1 Re4 41.Kg2 Kf7 42.Kg3 Ke6 43.Rd3 Rc7
44.Kf3 b5 45.Rg2 Kf7 46.Rgd2 Rc3 47.Rxc3 dxc3 48.Rd7+ Kg6 49.Rg7+ Kh5 50.Rxh7 Rc4
51.Rf7 c2 52.bxc4 c1=Q 53.h7 Qc3+ 54.Kf2 Kg4 55.Ke2 bxc4 56.Rd7 Qc2+ 57.Ke3 Qc3+
58.Ke2 Kxf4 59.g6 Qe5+ 60.Kd1 Qa1+ 61.Kc2 Qxa2+ 62.Kc3 Qa1+ 63.Kc2 Qh8 64.Rc7 Qd4
65.Rd7 Qxd7 66.h8=Q Qd3+ 67.Kb2 Qd2+ 68.Kb1 Qd3+  1/2-1/2

[Event "Balatonbereny op"]
[Site "Balatonbereny"]
[Date "1996.??.??"]
[Round "1"]
[White "Seres, Lajos"]
[Black "Frink, Ferenc"]
[Result "1-0"]
[WhiteElo "2440"]
[BlackElo "2225"]

1.d4 Nf6 2.c4 d6 3.Nf3 g6 4.g3 Bg7 5.Bg2 O-O 6.Nc3 Bg4 7.h3 Bxf3 8.Bxf3 c6
9.O-O Nbd7 10.Bg2 Qc7 11.e4 e5 12.d5 cxd5 13.cxd5 a6 14.a4 Qc4 15.Re1 Nc5
16.a5 Rac8 17.Ra3 Ncd7 18.Be3 Qc7 19.h4 Nc5 20.b4 Ncd7 21.Bh3 Qc4 22.Qa4 Rfd8
23.Rc1 Qc7 24.Bg5 b5 25.axb6 Nxb6 26.Qd1 Ra8 27.Na4 Qb7 28.Nxb6 Qxb6 29.Qf3 Qxb4
30.Bxf6 Bxf6 31.Qxf6 Qxa3 32.Rc7 Rf8 33.Be6 Qf3 34.Qxf3 fxe6 35.Qg4  1-0

[Event "Balatonbereny op"]
[Site "Balatonbereny"]
[Date "1996.??.??"]
[Round "1"]
[White "Izsak, Gyula"]
[Black "Pesztericz, Laszlo"]
[Result "0-1"]
[WhiteElo "2435"]
[BlackElo "2200"]

1.d4 Nf6 2.Nf3 g6 3.c4 Bg7 4.g3 d6 5.Bg2 O-O 6.Nc3 Nc6 7.d5 Na5 8.Nd2 c5
9.a3 Qc7 10.Qc2 a6 11.O-O Rb8 12.Rb1 b5 13.cxb5 axb5 14.b4 cxb4 15.axb4 Bf5
16.e4 Nxd5 17.exf5 Nxc3 18.Ne4 Nc6 19.Nxc3 Nd4 20.Qe4 Qxc3 21.fxg6 hxg6 22.Qxe7 Rbe8
23.Qxd6 Re1 24.Bf4 Rxb1 25.Rxb1 g5 26.Be3 Qd3 27.Bxd4 Bxd4  0-1

[Event "Balatonbereny op"]
[Site "Balatonbereny"]
[Date "1996.??.??"]
[Round "7"]
[White "Izsak, Gyula"]
[Black "Gladyszev, Oleg"]
[Result "1/2-1/2"]
[WhiteElo "2435"]
[BlackElo "2325"]

1.d4 Nf6 2.c4 g6 3.Nf3 Bg7 4.g3 O-O 5.Bg2 d6 6.Nc3 Nbd7 7.O-O e5 8.h3 c6
9.e4 Qb6 10.d5 Nc5 11.dxc6 bxc6 12.Be3 Qc7 13.Bxc5 dxc5 14.Qe2 Nh5 15.Na4 Qa5
16.b3 Re8 17.Rad1 Bf8 18.Rd2 Ng7 19.Qe3 f6 20.Nh2 Be6 21.f4 exf4 22.gxf4 Rad8
23.Rxd8 Qxd8 24.Ng4 Nh5 25.e5 f5 26.Nf2 Qd4 27.Qxd4 cxd4 28.Nd3 Rc8 29.c5 Bh6
30.Rf2 Kf7 31.Kh2 g5 32.fxg5 Bxg5 33.Bf3 Nf4 34.Nab2 Ke7 35.Bh1 Ng6 36.Bg2 Be3
37.Rf1 Kd7 38.Nd1 Bh6 39.Bf3 Bg7 40.Re1 Rh8 41.Kg3 Rg8 42.Kf2 Rd8 43.Nb4 Rc8
44.Nd3 Re8 45.Nb4 Rc8 46.Nd3 Re8  1/2-1/2

[Event "Belgrade Yugometal (Women)"]
[Site "Belgrade"]
[Date "1996.??.??"]
[Round "2"]
[White "Maric, Alisa"]
[Black "Cramling, Pia"]
[Result "1/2-1/2"]
[WhiteElo "2460"]
[BlackElo "2545"]

1.Nf3 Nf6 2.c4 g6 3.g3 Bg7 4.d4 O-O 5.Bg2 d6 6.O-O Nbd7 7.Nc3 e5 8.e4 a6
9.dxe5 dxe5 10.Qc2 c6 11.Rd1 Qe7 12.h3 Ne8 13.b3 Nc7 14.a4 Rd8 15.a5 Ne6
16.Be3 Ndf8 17.Rxd8 Qxd8 18.Bb6 Qe7 19.Na4 Nd7 20.Be3 Nd4 21.Qd1 Nc5 22.Nb6 Rb8
23.Nxd4 exd4 24.Bf4 Be5 25.Bxe5 Qxe5 26.Ra2 Nd7 27.f4 Qc5 28.Na4 Qxa5 29.Qxd4 b5
30.cxb5 axb5 31.Nc3 Qb6 32.Qxb6 Nxb6 33.b4 Be6 34.Ra6 Bc4 35.Kf2 Kg7 36.e5 Nd5
37.Bxd5 cxd5 38.Ke3 Rc8 39.h4 h5 40.Kd4 Bb3 41.Nxd5 Rc4+ 42.Kd3 Bc2+ 43.Ke3 Re4+
44.Kd2 Bb3 45.Nf6 Rxb4 46.Ra8 Be6 47.Rg8+  1/2-1/2

[Event "Berliner Sommer"]
[Site "Berlin"]
[Date "1996.??.??"]
[Round "5"]
[White "Petrosian, Arshak B"]
[Black "Badea, Bela"]
[Result "1/2-1/2"]
[WhiteElo "2480"]
[BlackElo "2525"]

1.Nf3 Nf6 2.c4 g6 3.d4 Bg7 4.g3 O-O 5.Bg2 d6 6.Nc3 c6 7.O-O a6 8.d5 Qc7 9.Be3 c5
10.a4 e6  1/2-1/2

[Event "DVM U20"]
[Site "Berlin"]
[Date "1996.??.??"]
[Round "5"]
[White "Mueller, Andrea"]
[Black "Werner, Veronika"]
[Result "0-1"]
[WhiteElo "2095"]
[BlackElo "2205"]

1.d4 Nf6 2.c4 d6 3.Nf3 g6 4.g3 Bg7 5.Bg2 O-O 6.O-O a6 7.Nc3 Nc6 8.h3 Rb8
9.Be3 b5 10.Nd2 Na5 11.cxb5 axb5 12.b4 Nc4 13.Nxc4 bxc4 14.b5 Bb7 15.a4 Bxg2
16.Kxg2 c6 17.Rb1 cxb5 18.axb5 Qc8 19.f3 Qb7 20.Bf2 Ra8 21.Qc2 Rfc8 22.Rb4 e6
23.Na4 d5 24.Nc5 Qb6 25.Qb2 Ne8 26.Nd7 Qb7 27.b6 Ra6 28.Ne5 Nd6 29.Rb1 Rca8
30.Qc2 Ra3 31.Qd2 Rb8 32.Qf4 Rd8 33.Qd2 Ra6 34.Qc3 Nc8 35.Nxc4 dxc4 36.Rxc4 Nxb6
37.Qb3 Qd5  0-1

[Event "Berliner Sommer"]
[Site "Berlin"]
[Date "1996.??.??"]
[Round "5"]
[White "Tregubov, Pavel V"]
[Black "Gross, Dav"]
[Result "1-0"]
[WhiteElo "2520"]
[BlackElo "2360"]

1.d4 Nf6 2.c4 g6 3.g3 Bg7 4.Bg2 d6 5.Nf3 O-O 6.O-O c6 7.Nc3 Qa5 8.e4 Qh5
9.Ng5 Qxd1 10.Rxd1 e5 11.Nf3 Bg4 12.Be3 Nbd7 13.h3 Bxf3 14.Bxf3 Rfd8 15.Rab1 Ne8
16.d5 c5 17.a3 Nc7 18.b4 b6 19.Rdc1 Bf8 20.Bg4 h5 21.Bxd7 Rxd7 22.bxc5 dxc5
23.a4 Na6 24.Rb5 Nc7 25.Rb2 Na6 26.a5 Nb4 27.Ra1 Rb8 28.Na2 f5 29.f3 Kf7
30.Bd2 Rc7 31.Bc3 Bd6 32.Nxb4 cxb4 33.Bxb4 Bxb4 34.Rxb4 Rbc8 35.axb6 axb6
36.exf5 gxf5 37.Re1 e4 38.fxe4 Rxc4 39.Rxc4 Rxc4 40.e5 Rd4 41.e6+ Ke7 42.Re5  1-0

[Event "Bermuda"]
[Site "Bermuda"]
[Date "1996.??.??"]
[Round "11"]
[White "Ippolito, Dean"]
[Black "Manion, Josh"]
[Result "1/2-1/2"]
[WhiteElo "2205"]
[BlackElo "2365"]

1.d4 Nf6 2.Nf3 g6 3.c4 Bg7 4.g3 O-O 5.Bg2 d6 6.O-O Nbd7 7.Nc3 e5 8.e4 exd4
9.Nxd4 Re8 10.h3 Nc5 11.Re1 Bd7 12.Nb3 Na4 13.Nxa4 Bxa4 14.Qc2 c5 15.Bf4 Nh5
16.Bd2 Re6 17.Bc3 Bxc3 18.Qxc3 Qe7 19.e5 Rxe5 20.Nxc5 Bc6  1/2-1/2

[Event "Bern Cup"]
[Site "Bern"]
[Date "1996.??.??"]
[Round "?"]
[White "Lagunow, Alexander"]
[Black "Markowski, Tomasz"]
[Result "0-1"]
[WhiteElo "2420"]
[BlackElo "2535"]

1.Nf3 d6 2.d4 Nf6 3.c4 g6 4.g3 Bg7 5.Bg2 O-O 6.O-O Nc6 7.Nc3 Rb8 8.h3 a6
9.Be3 b5 10.Nd2 Bd7 11.Rc1 e6 12.b3 bxc4 13.Nxc4 Ne7 14.Bd2 Nfd5 15.e4 Nb4
16.Be3 d5 17.Ne5 dxe4 18.Bxe4 Ned5 19.Qd2 Nxe3 20.Qxe3 Be8 21.Rfd1 a5 22.Qe2 Qd6
23.a3 Nd5 24.Nc4 Nxc3 25.Rxc3 Qa6 26.Qc2 Qb5 27.Ne5 Qb6 28.Kg2 Rd8 29.Nf3 Rb8
30.Rb1 Rc8 31.Rc5 Bb5 32.Qc3 Rfd8 33.a4 Bd7 34.Ne5 Qd6 35.Nc4 Qa6  0-1

[Event "Bern Cup"]
[Site "Bern"]
[Date "1996.??.??"]
[Round "1"]
[White "Kengis, Edvins"]
[Black "Lyrberg, Patrik"]
[Result "1-0"]
[WhiteElo "2570"]
[BlackElo "2425"]

1.d4 Nf6 2.Nf3 g6 3.g3 Bg7 4.Bg2 O-O 5.c4 d6 6.O-O Nbd7 7.Nc3 e5 8.e4 a6
9.Qc2 exd4 10.Nxd4 Re8 11.Rd1 c6 12.Bf4 Qe7 13.h3 Ne5 14.b3 Bd7 15.Be3 c5
16.Nde2 b5 17.Bg5 Rac8 18.Nd5 Qd8 19.f4 Nc6 20.e5 dxe5 21.Nxf6+ Bxf6 22.Bxf6 Qxf6
23.Rxd7 exf4 24.Rf1 Qe6 25.Rd2 Qe3+ 26.Kh1 Nb4 27.Qd1 bxc4 28.bxc4 fxg3 29.Nf4 h5
30.Rd7 Rc7 31.a3 Nc6 32.Rd6  1-0

[Event "Biel op MTO"]
[Site "Biel"]
[Date "1996.??.??"]
[Round "11"]
[White "Cvitan, Ognjen"]
[Black "Loncar, Robert"]
[Result "1-0"]
[WhiteElo "2535"]
[BlackElo "2410"]

1.d4 Nf6 2.Nf3 g6 3.c4 Bg7 4.g3 O-O 5.Bg2 d6 6.O-O Nbd7 7.Nc3 e5 8.e4 exd4
9.Nxd4 Re8 10.h3 a6 11.Re1 Rb8 12.Rb1 Ne5 13.b3 c5 14.Nc2 b5 15.f4 Ned7 16.cxb5 axb5
17.b4 Nh5 18.Re3 Bb7 19.Nxb5 Bxe4 20.Nxd6 Bxc2 21.Qxc2 Rxe3 22.Bxe3 Nxg3
23.bxc5 Rxb1+ 24.Qxb1 Ne2+ 25.Kh2 Nxf4 26.Bxf4 Nb8 27.Qb7  1-0

[Event "SLO-chT"]
[Site "Bled"]
[Date "1996.??.??"]
[Round "4"]
[White "Guid, Matej"]
[Black "Beletic, Daniel"]
[Result "1-0"]
[WhiteElo "2155"]
[BlackElo "1860"]

1.d4 Nf6 2.Nf3 g6 3.c4 Bg7 4.g3 O-O 5.Bg2 d6 6.O-O Nbd7 7.Qc2 e5 8.Rd1 exd4
9.Nxd4 Re8 10.Nc3 c6 11.Bf4 Qc7 12.b4 Ne5 13.Qb3 Qe7 14.b5 c5 15.Nc2 Be6
16.Ne3 Rad8 17.Bg5 Qf8 18.Ned5 Ned7 19.Nxf6+ Nxf6 20.Bxb7 h6 21.Bxf6 Bxf6
22.Rab1 h5 23.a4 h4 24.Bc6 hxg3 25.hxg3 Re7 26.a5 Qh6 27.b6 Kg7 28.bxa7 Rxa7
29.Qb6 Rh8 30.Rxd6 Qh2+ 31.Kf1 Bh3+ 32.Ke1 Bxc3+ 33.Kd1 Qxf2 34.Qxa7 Qe3
35.Rd3 Rd8 36.Bd5 Qf2 37.Rxc3 Qf1+ 38.Kc2 Bf5+ 39.e4 Bxe4+ 40.Bxe4 Qe2+ 41.Kb3 Qxe4
42.Rbc1 Qe5 43.Ka3 Rd1 44.Qb6 Rxc1 45.Rxc1 Qe3+ 46.Qb3 Qxc1+ 47.Qb2+  1-0

[Event "Slovan op"]
[Site "Bratislava"]
[Date "1996.??.??"]
[Round "4"]
[White "Blaho, Stefan"]
[Black "Struhar, Jan"]
[Result "1-0"]
[WhiteElo "2160"]
[BlackElo "2235"]

1.d4 Nf6 2.c4 g6 3.g3 Bg7 4.Bg2 d6 5.Nf3 O-O 6.O-O Nc6 7.Nc3 a6 8.d5 Na5
9.Nd2 c5 10.Qc2 Rb8 11.b3 b5 12.Bb2 bxc4 13.bxc4 e6 14.Rae1 Ng4 15.h3 Ne5
16.Nd1 exd5 17.cxd5 c4 18.Bc3 Bf5 19.Qc1 g5 20.Qa1 f6 21.e4 Bd7 22.Ne3 Nb7
23.Rb1 Qc8 24.Kh2 Qc7 25.Nf3 h6 26.Nd4 Nc5 27.Rxb8 Rxb8 28.Ndf5 Na4 29.f4 gxf4
30.gxf4 Bxf5 31.fxe5  1-0

[Event "Slovan op"]
[Site "Bratislava"]
[Date "1996.??.??"]
[Round "6"]
[White "Ulak, Slawomir"]
[Black "Manik, Mikulas"]
[Result "1/2-1/2"]
[WhiteElo "2255"]
[BlackElo "2345"]

1.d4 Nf6 2.Nf3 g6 3.c4 Bg7 4.g3 d6 5.Bg2 O-O 6.O-O Nc6 7.Nc3 a6 8.h3 Rb8
9.Bg5 b5 10.cxb5 axb5 11.d5 b4 12.Bxf6 exf6 13.dxc6 bxc3 14.bxc3 Rb2 15.Nd4 Ba6
16.Qc1 Qb8 17.Rb1 Rxb1 18.Qxb1 f5 19.Bf3 Qa7 20.Qb4 Rb8 21.Qa5 Rb6 22.a4 Qb8
23.Qd5 Rb2 24.Re1 Be5  1/2-1/2

[Event "Slovan op"]
[Site "Bratislava"]
[Date "1996.??.??"]
[Round "7"]
[White "Sergeev, Vladimir"]
[Black "Likavsky, Tomas"]
[Result "1-0"]
[WhiteElo "2410"]
[BlackElo "2295"]

1.d4 Nf6 2.Nf3 g6 3.c4 Bg7 4.g3 O-O 5.Bg2 d6 6.Nc3 Bg4 7.h3 Bxf3 8.Bxf3 Nc6
9.e3 e5 10.d5 Ne7 11.e4 Nd7 12.h4 h5 13.g4 hxg4 14.Bxg4 f5 15.Bf3 f4 16.Bg4 Bf6
17.Qf3 a5 18.b3 Kg7 19.Ba3 Rh8 20.h5 b6 21.O-O-O Nf8 22.Rdg1 g5 23.h6+ Kh7
24.Bf5+ Nfg6 25.Qh5 Rg8 26.Be6 Rf8 27.Rh2 Nh4 28.Nb5 Neg6 29.Kc2 Qe7 30.f3 Kh8
31.Bc1 Rae8 32.Bd2 Qd8 33.Bh3 Re7 34.Be1 Rh7 35.Be6 Re8 36.Bxh4 Nxh4 37.Rxh4 gxh4
38.Rg6 Rf8 39.Na7 c5 40.Nc6 Qa8 41.a4 Rc7 42.Kd3 Qe8 43.Ke2 Rxc6 44.Rxf6  1-0

[Event "GER-chT Federal Cup (Women)"]
[Site "Braunfels"]
[Date "1996.??.??"]
[Round "?"]
[White "Rieder, Anita"]
[Black "Schulz, Petra"]
[Result "1/2-1/2"]
[WhiteElo "2060"]
[BlackElo "2110"]

1.Nf3 Nf6 2.c4 g6 3.g3 Bg7 4.Bg2 d6 5.d4 O-O 6.O-O Nbd7 7.Nc3 c6 8.e4 e5
9.h3 Qc7 10.Be3 Re8 11.Qc2 exd4 12.Nxd4 Nc5 13.Rfe1 Ne6 14.Rad1 Nxd4 15.Bxd4 Be6
16.b3 a6 17.Qb2 Nh5 18.Bxg7 Nxg7 19.Qd2 Red8 20.Qg5 Ne8 21.h4 f6 22.Qe3 Qa5
23.Bf3 Rd7 24.Na4 c5 25.Rd2 Rb8 26.Red1 Re7 27.Qc3 Qc7 28.Nb2 b5 29.cxb5 axb5
30.Nd3 b4 31.Qb2 Bf7 32.Nf4 Re5 33.Nd3 Re7 34.Nf4 Re5 35.Nd3 Re7  1/2-1/2

[Event "GER-chT Federal Cup (Women)"]
[Site "Braunfels"]
[Date "1996.??.??"]
[Round "?"]
[White "Kunze, Kerstin"]
[Black "Werner, Veronika"]
[Result "0-1"]
[WhiteElo "2150"]
[BlackElo "2210"]

1.g3 g6 2.Bg2 Bg7 3.c4 d6 4.d4 Nf6 5.Nf3 O-O 6.O-O a6 7.Nc3 Nc6 8.e4 Bg4
9.h3 Bxf3 10.Bxf3 e5 11.d5 Nd4 12.Be3 Nd7 13.Bg2 c5 14.dxc6 bxc6 15.b4 Qe7
16.b5 axb5 17.cxb5 Nxb5 18.Nxb5 cxb5 19.Qd5 Rfb8 20.Rfc1 Nf6 21.Qc6 Qd7 22.Qxd7 Nxd7
23.Rc7 Nf6 24.Ba7 Rc8 25.Rb7 Bh6 26.Rb1 Rc1+ 27.Rxc1 Bxc1 28.Bb8 Ne8 29.Bf1 Rxa2
30.Bxb5 Rb2 31.Re7 Nf6 32.Bxd6 Rxb5 33.Rc7 Nxe4 34.Rc8+ Kg7 35.Bf8+ Kf6 36.Rc6+ Kf5
37.Rxc1 h5 38.Bh6 Rb3 39.Kg2 Rb2  0-1

[Event "Budapest FS04 IM"]
[Site "Budapest"]
[Date "1996.??.??"]
[Round "1"]
[White "Volodin, Viktor"]
[Black "Schoene, Ralf"]
[Result "0-1"]
[WhiteElo "2325"]
[BlackElo "2405"]

1.Nf3 g6 2.c4 Bg7 3.d4 d6 4.g3 Nf6 5.Bg2 O-O 6.O-O a6 7.Nc3 Nc6 8.b3 Rb8
9.e3 b5 10.Qe2 bxc4 11.bxc4 Na5 12.Rb1 Bd7 13.Bd2 e6 14.Rxb8 Qxb8 15.Rb1 Qa7
16.Nd5 exd5 17.Bxa5 Bf5 18.Rc1 c6 19.c5 dxc5 20.Rxc5 Qb7 21.Ne5 Nd7 22.Nxd7 Bxd7
23.Qc2 Rb8 24.h4 Qb1+ 25.Kh2 Qb2 26.Bh3 Bxh3 27.Kxh3 Qa1 28.Kg2 Rb2 29.Qc1 Qxa2
30.Qe1 Re2 31.Qf1 Rxe3 32.Rxc6 Bxd4 33.Rc8+ Kg7 34.Qd1 Re4 35.Rc2 Qxa5 36.f3 Qe1
37.Rd2 Qxd1 38.Rxd1 Re2+  0-1

[Event "Budapest FS05 IM"]
[Site "Budapest"]
[Date "1996.??.??"]
[Round "2"]
[White "Hennig, Dirk"]
[Black "Molnar, Bela"]
[Result "1/2-1/2"]
[WhiteElo "2355"]
[BlackElo "2360"]

1.Nf3 g6 2.d4 Bg7 3.c4 Nf6 4.g3 O-O 5.Bg2 d6 6.O-O a6 7.Nc3 Nc6 8.h3 Rb8
9.Be3 b5 10.Nd2 Bd7 11.Rc1 e6 12.cxb5 axb5 13.Nde4 Nd5 14.Nxd5 exd5 15.Bg5 Qe8
16.Nf6+ Bxf6 17.Bxf6 Qe6 18.Bg5 Qf5 19.Be3 Rfc8 20.g4 Qe6 21.Qd2 Ra8 22.b3 Ne7
23.Rc2 h5 24.f3 f5 25.Bg5 c6 26.gxh5 gxh5 27.Bxe7 Qxe7 28.Qh6 Re8 29.e4 Qg7
30.Qxg7+ Kxg7 31.exd5 cxd5 32.f4 Kf6 33.Kf2 Be6 34.Rfc1 h4 35.Re2  1/2-1/2

[Event "Budapest FS06 IM"]
[Site "Budapest"]
[Date "1996.??.??"]
[Round "2"]
[White "Czebe, Attila"]
[Black "Grabics, Monika"]
[Result "1/2-1/2"]
[WhiteElo "2325"]
[BlackElo "2225"]

1.d4 Nf6 2.c4 g6 3.g3 Bg7 4.Bg2 d6 5.Nf3 O-O 6.O-O Nc6 7.Nc3 a6 8.d5 Na5
9.Nd2 Rb8 10.Qc2 b5 11.b3 bxc4 12.bxc4  1/2-1/2

[Event "Spring op"]
[Site "Budapest"]
[Date "1996.??.??"]
[Round "4"]
[White "Chetverik, Maxim"]
[Black "Szilardfy, Gyula"]
[Result "1-0"]
[WhiteElo "2290"]
[BlackElo "2180"]

1.d4 Nf6 2.c4 g6 3.Nf3 Bg7 4.g3 O-O 5.Bg2 d6 6.O-O Nbd7 7.Nc3 e5 8.h3 Re8
9.Be3 exd4 10.Bxd4 Nb6 11.b3 c5 12.Bxf6 Qxf6 13.Rc1 Qe7 14.e3 Bd7 15.a4 a5
16.Qc2 Bc6 17.Rfd1 Rad8 18.Qd2 Na8 19.Ne1 Nc7 20.Nd5 Bxd5 21.cxd5 Ra8 22.Nc2 b5
23.Na3 Qd7 24.axb5 Nxb5 25.Nc4 Qc7 26.Kf1  1-0

[Event "Budapest FS09 GM"]
[Site "Budapest"]
[Date "1996.??.??"]
[Round "4"]
[White "Kalinitschew, Sergey"]
[Black "Peter, Ambrus"]
[Result "1-0"]
[WhiteElo "2515"]
[BlackElo "2435"]

1.d4 Nf6 2.Nf3 g6 3.c4 Bg7 4.g3 O-O 5.Bg2 d6 6.O-O Nc6 7.d5 Na5 8.Nbd2 c5
9.e4 a6 10.Rb1 b5 11.b3 e6 12.Bb2 exd5 13.cxd5 Bg4 14.Qc2 Rc8 15.Bc3 b4 16.Ba1 Bd7
17.Rfe1 Bb5 18.Bh3 Rc7 19.e5 dxe5 20.d6 Rc6 21.Bxe5 Nb7 22.d7 Nd6 23.Rbd1 Nf5
24.Nc4 Re6 25.Bxf5 gxf5 26.Ng5 Bxc4 27.Qxc4 Re7 28.Bd6 Rxe1+ 29.Rxe1 Qxd7
30.Bxf8 Bxf8 31.Qxa6 Ng4 32.Qc4 Kg7 33.Nf3 Bd6  1-0

[Event "Budapest FS06 IM"]
[Site "Budapest"]
[Date "1996.??.??"]
[Round "4"]
[White "Volodin, Viktor"]
[Black "Grabics, Monika"]
[Result "1-0"]
[WhiteElo "2325"]
[BlackElo "2225"]

1.Nf3 g6 2.c4 Bg7 3.d4 Nf6 4.g3 O-O 5.Bg2 d6 6.O-O c5 7.Nc3 Nc6 8.dxc5 dxc5
9.Bf4 Nh5 10.Be3 Nd4 11.Na4 Qa5 12.Nxc5 Nf5 13.Nb3 Qc7 14.Bc5 a5 15.Ba3 Qxc4
16.Rc1 Qa4 17.Nbd4 Qd7 18.Nxf5 Qxf5 19.Bxe7 Re8 20.Ba3 Qe6 21.Nd4 Qxa2 22.Nb5 Be6
23.Ra1 Qc4 24.Nd6 Qg4 25.Nxe8 Rxe8 26.e3 b5 27.Bc6 Rb8 28.Bxb5 Qh3 29.Qd6 Rf8
30.Bc6 Nf6 31.Bg2 Qh6 32.Qf4 g5 33.Qa4 Rb8 34.Qxa5 Ng4 35.h3 Ne5 36.Bd6 Nc4
37.Qc7 Rc8 38.Ra8 Rxa8 39.Bxa8 Nxd6 40.Qxd6 Bxb2 41.Qb8+ Qf8 42.Qxf8+ Kxf8
43.Rb1 Be5 44.Kg2 Kg7 45.Rb5 Bf6 46.Bd5 Bf5 47.Rb7 Bg6 48.f4 Bd8 49.g4 gxf4
50.exf4 Bd3  1-0

[Event "Budapest FS09 GM"]
[Site "Budapest"]
[Date "1996.??.??"]
[Round "6"]
[White "Kalinitschew, Sergey"]
[Black "Sukharisingh, Ralf"]
[Result "1-0"]
[WhiteElo "2515"]
[BlackElo "2400"]

1.d4 Nf6 2.Nf3 g6 3.c4 Bg7 4.g3 O-O 5.Bg2 d6 6.O-O Nc6 7.Nc3 a6 8.h3 Rb8
9.Be3 b5 10.Nd2 Bd7 11.Rc1 e5 12.dxe5 Nxe5 13.c5 d5 14.Bg5 c6 15.e4 d4 16.Ne2 Qc8
17.Kh2 Nd3 18.Rb1 Nxc5 19.Bf4 Ne6 20.Bxb8 Qxb8 21.b4 h5 22.Nf3 Re8 23.Nexd4 Nxd4
24.Nxd4 Nxe4 25.Nf3 Be6 26.Qc2 Nc3 27.Rbe1 Qd6 28.Ng5 h4 29.Nxe6 Rxe6 30.Rxe6 Qxe6
31.a3 Be5 32.Kh1 Qc4 33.Re1 Bf6 34.Qd2 Kg7 35.Re8 hxg3 36.fxg3 Bd4 37.Kh2 c5
38.Qf4 Ne2 39.Qh4 Bg1+ 40.Kh1  1-0